[Event "Titled Tue 8th Apr Early"]
[Site "chess.com INT"]
[Date "2025.04.08"]
[Round "7"]
[White "Stremavicius, T."]
[Black "Svane, R."]
[Result "1-0"]
[WhiteElo "2551"]
[BlackElo "2625"]
[PlyCount "98"]
[EventDate "2025.04.08"]

1. Nf3 d5 2. g3 Nf6 3. Bg2 e6 4. O-O Be7 5. d4 O-O 6. c4 dxc4 7. Qc2 a6 8. a4 Bd7 9. Rd1 Bc6 10. Nc3 Bxf3 11. Bxf3 Nc6 12. Bxc6 bxc6 13. a5 Rb8 14. Ra4 Rb4 15. Na2 Rxa4 16. Qxa4 Qd5 17. Nc3 Qh5 18. Qxc6 Qxa5 19. Qxc4 c5 20. d5 ({RR} 20. dxc5 Bxc5 21. Bf4 h6 22. Kg2 Qb6 23. Be5 Be7 24. Qc7 Qxc7 25. Bxc7 Rc8 26. Bd6 Kf8 27. Rd4 Rd8 28. Bxe7+ Kxe7 29. Rb4 Nd7 30. Kf3 Rb8 31. Rxb8 {½-½ (31) Paehtz,E (2458)-Beydullayeva,G (2402) Vrnjacka Banja SRB 2024}) 20... exd5 21. Nxd5 Nxd5 22. Rxd5 h6 $146 ({RR} 22... Qb5 23. Qxb5 axb5 24. Rd7 Rd8 25. Rxe7 Kf8 26. Bg5 f6 27. Rc7 fxg5 28. Rxc5 b4 29. Rb5 Rd2 30. Rxb4 Rxe2 31. Rb7 g4 32. b4 Rb2 33. b5 h6 34. b6 Kg8 35. Rb8+ Kh7 36. Kf1 Kg6 37. Ke1 {Reuter,J (2083)-Wolters,M (1721) Krefeld GER 2023 ½-½ (114)}) ({RR} 22... Qb5 23. Qe4 Bf6 24. Qc2 Rc8 25. b3 Qc6 26. Qc4 Qb5 27. Ba3 Qxc4 28. bxc4 Be7 29. Rd7 Bf8 30. Kg2 g6 31. Kf3 f5 32. e4 Rb8 33. Ke3 Rb3+ 34. Rd3 Rxd3+ 35. Kxd3 Kf7 36. e5 Ke6 37. f4 {Woodward,A (2436)-Low,Z (2425) Budapest HUN 2023 ½-½ (58)}) 23. Rd7 Bf6 24. b3 Qb5 25. Rc7 Qxc4 26. bxc4 Rb8 27. Ba3 a5 28. Bxc5 a4 29. Bd6 Rb6 30. Bc5 Rb8 31. e3 Bb2 32. Bd6 a3 33. Ra7 Rc8 34. c5 g6 35. Kf1 Kg7 36. Ke2 Kf6 37. Kd3 Be5 38. Bxe5+ Kxe5 39. Kc4 Ke4 40. Rxa3 Kf3 41. Ra2 f5 42. h4 g5 43. hxg5 hxg5 44. Kd5 f4 45. gxf4 gxf4 46. exf4 Kxf4 47. c6 Kf5 48. Kd6 Rd8+ 49. Ke7 Ra8 1-0

[Event "Titled Tue 8th Apr Early"]
[Site "chess.com INT"]
[Date "2025.04.08"]
[Round "7"]
[White "Oparin, G."]
[Black "Bjerre, Jonas Buhl"]
[Result "1-0"]
[WhiteElo "2660"]
[BlackElo "2636"]
[PlyCount "107"]
[EventDate "2025.04.08"]

1. Nf3 c5 2. g3 g6 3. Bg2 Bg7 4. c4 Nc6 5. O-O Nf6 6. d4 cxd4 7. Nxd4 O-O 8. Nc3 Ng4 9. e3 d6 10. Nde2 Bd7 11. b3 a6 12. h3 Nf6 13. Bb2 Qc8 14. Kh2 b5 15. cxb5 axb5 16. Rc1 Qa6 17. Nf4 b4 $146 ({RR} 17... Rfe8 18. Qe2 b4 19. Qxa6 Rxa6 20. Nb5 Rc8 21. Bxf6 Bxf6 22. Nd5 {1-0 (22) Cmilyte,V (2512)-Uhlmann,W (2417) Marianske Lazne 2008}) 18. Na4 Rac8 19. Bxf6 Bxf6 20. Nd5 Ne5 21. Qd2 Bxa4 22. bxa4 Rxc1 23. Rxc1 Qxa4 24. Nxf6+ exf6 25. f4 Nd7 26. Qxd6 Nb8 27. Bd5 Qa3 28. Re1 Qc3 29. Re2 f5 30. Kg2 Kg7 31. Kf2 Re8 32. h4 h5 33. Qb6 Nd7 34. Qd4+ Qxd4 35. exd4 Kf8 36. Rxe8+ Kxe8 37. Bc6 Ke7 38. Ke3 Nf6 39. Kd3 Kd6 40. Bf3 Nd5 41. Kc4 Nc3 42. a3 Ne4 43. Kxb4 Nxg3 44. a4 Nf1 45. a5 Nd2 46. a6 Nxf3 47. a7 Nxd4 48. a8=Q Ne6 49. Kc4 Ke7 50. Qb8 Kf6 51. Qe5+ Ke7 52. Kd5 Kd7 53. Qd6+ Ke8 54. Ke5 1-0

[Event "Titled Tue 8th Apr Early"]
[Site "chess.com INT"]
[Date "2025.04.08"]
[Round "8"]
[White "Pranesh, M."]
[Black "Makarian, Rudik"]
[Result "1-0"]
[WhiteElo "2572"]
[BlackElo "2543"]
[PlyCount "99"]
[EventDate "2025.04.08"]

1. Nf3 Nf6 2. g3 e6 3. Bg2 d5 4. O-O Be7 5. b3 O-O 6. Bb2 b5 ({RR} 6... a5 7. a3 b6 8. d3 Bb7 9. Nbd2 Nbd7 10. c4 a4 11. b4 dxc4 12. dxc4 Ne4 13. Nd4 Ndf6 14. Nxe4 Nxe4 15. Qc2 Nd6 16. c5 bxc5 17. bxc5 Bxg2 18. cxd6 Bxf1 19. dxe7 Qxe7 20. Nc6 Qd6 21. Rd1 {Fedoseev,V (2719)-Nozdrachev,V (2486) St Petersburg 2018 1-0}) 7. d3 ({RR} 7. c4 bxc4 8. bxc4 Bb7 9. cxd5 Bxd5 10. Nc3 c6 11. d3 c5 12. Rc1 Nbd7 13. Nxd5 exd5 14. Ne5 Qb8 15. Nxd7 Nxd7 16. Ba1 Qd6 17. e4 d4 18. f4 Rab8 19. e5 Qa6 20. Qc2 Nb6 21. Rce1 Qa4 {Padmini,R (2353)-Kotlyar,K (2390) chess.com INT 2024 1-0 (41)}) 7... Bb7 8. Nbd2 c5 9. e4 $146 ({RR} 9. e3 Nbd7 10. c4 a6 11. Qc2 Rc8 {½-½ (11) Pribyl,J (2371)-Kelecevic,N (2360) Triesen 2008}) ({RR} 9. e3 Nc6 10. c4 a6 11. a3 Qb6 12. Rc1 Rfd8 13. Qc2 Ne8 14. d4 dxc4 15. bxc4 cxd4 16. exd4 bxc4 17. Nxc4 Qa7 18. Rfe1 Rac8 19. Qb1 Ba8 20. h4 h6 21. Ne3 Na5 22. d5 Rxc1 23. Qxc1 Bxd5 {Obregon Rivero,J (2548)-Ibarra Chami,L (2462) Merida 2014 1-0 (44)}) 9... Nc6 10. exd5 Nxd5 11. Ne4 f5 12. Ned2 Bf6 13. Bxf6 Qxf6 14. Re1 Nc3 15. Qc1 Rab8 16. a4 a6 17. axb5 axb5 18. b4 Nd4 19. Nxd4 cxd4 20. Bxb7 Rxb7 21. Nb3 e5 22. Nc5 Re7 23. Ra6 Qf7 24. Qg5 e4 25. Rd6 h6 26. Qh4 Rfe8 27. Rxd4 exd3 28. Rxe7 Rxe7 29. Rxd3 Re1+ 30. Kg2 Ne4 31. Rd8+ Kh7 32. Nd7 g5 33. Qh3 Kg7 34. Ne5 Qe6 35. Qh5 Nd6 36. Rxd6 Qxe5 37. Qg6+ Kf8 38. Rd8+ Qe8 39. Rxe8+ Rxe8 40. Qxh6+ Kg8 41. Qxg5+ Kh8 42. Qxf5 Re2 43. Qh5+ Kg7 44. Qxe2 Kh8 45. Qxb5 Kg7 46. Qd7+ Kh8 47. b5 Kg8 48. b6 Kh8 49. b7 Kg8 50. b8=Q# 1-0

[Event "Titled Tue 8th Apr Late"]
[Site "chess.com INT"]
[Date "2025.04.08"]
[Round "3"]
[White "Svane, R."]
[Black "Tristan, L."]
[Result "1-0"]
[WhiteElo "2625"]
[BlackElo "2531"]
[PlyCount "51"]
[EventDate "2025.04.08"]

1. Nf3 d5 2. g3 Nf6 3. Bg2 Bf5 4. O-O e6 5. c4 c6 6. Qb3 Qb6 7. d3 h6 8. cxd5 Qxb3 9. axb3 exd5 10. Bd2 Nbd7 11. b4 Be7 12. Bc3 O-O 13. Nbd2 a6 14. Nb3 Bd8 15. Nfd4 Bg6 16. Rfe1 Bb6 17. Kf1 Rfe8 18. Rad1 Re7 19. f3 Rae8 20. Bh3 Ne5 21. Nc5 a5 22. Ndb3 axb4 23. Bxb4 Rb8 $146 ({RR} 23... Rc7 24. Na4 Be3 25. Bd6 Rce7 26. Bxe7 Rxe7 27. Na1 b5 28. Nc3 d4 29. Nb1 Nd5 30. Nc2 c5 31. f4 Nc6 32. Bg2 Ncb4 33. Nba3 Ra7 34. Nxb4 Nxb4 35. Ra1 Rxa3 36. Rxa3 Nc2 37. Ra8+ Kh7 38. Rb8 {Svane,R (2628)-Raicevic,V (2372) chess.com INT 2024 1-0 (55)}) 24. Na4 c5 25. Nbxc5 Ree8 26. Nxb6 1-0

[Event "Titled Tue 8th Apr Late"]
[Site "chess.com INT"]
[Date "2025.04.08"]
[Round "6"]
[White "Le, Quang Liem"]
[Black "Sarana, A."]
[Result "1-0"]
[WhiteElo "2729"]
[BlackElo "2672"]
[PlyCount "75"]
[EventDate "2025.04.08"]

1. Nf3 d5 2. e3 Nf6 3. c4 e6 4. b3 Be7 5. Bb2 O-O 6. Nc3 c5 7. cxd5 exd5 8. d4 Nc6 9. Be2 Ne4 10. dxc5 Bf6 11. Rc1 Qa5 12. Nd4 Nxc5 13. Nxc6 bxc6 14. Qd2 ({RR} 14. O-O Bb7 15. a3 Qb6 16. b4 a5 17. Nxd5 cxd5 18. Bxf6 Qxf6 19. bxc5 Rfe8 20. Bf3 Re6 21. Qd4 Qe7 22. Rfd1 Rc8 23. h3 h6 24. Bxd5 Rd8 25. c6 Bxc6 26. Rxc6 Rxc6 27. Bxf7+ Kxf7 28. Qxd8 Qxd8 {Klukin,K (2430)-Pajcin,L (2243) chess.com INT 2025 1-0 (44)}) 14... Bd7 ({RR} 14... Ba6 15. Nd1 Qxd2+ 16. Kxd2 Ne4+ 17. Ke1 Bxe2 18. Kxe2 Rfc8 19. Bxf6 Nxf6 20. Nb2 c5 21. Rc2 Rc7 22. Rhc1 Rac8 23. Nd3 c4 24. Nb2 c3 25. Na4 d4 26. Rd1 dxe3 27. f3 Nh5 28. Kxe3 g5 29. g3 {Carlsen,M (2864)-Ding,L (2799) chess24.com INT 2022 ½-½ (110)}) ({RR} 14... Rd8 15. O-O d4 16. exd4 Bxd4 17. Qc2 Be6 18. Rfd1 Rac8 19. Bf3 Na6 20. Na4 Nb4 21. Qe2 Bxb2 22. Qxb2 Nd3 23. Qc3 Qxc3 24. Rxc3 Ne5 25. Be2 Rxd1+ 26. Bxd1 Rd8 27. Bc2 Rd2 28. h3 Bd5 29. Kf1 {Le,Q (2731)-Garrido Diaz,J (2260) chess.com INT 2024 1-0 (71)}) 15. Rc2 $146 ({RR} 15. Nd1 Qxd2+ 16. Kxd2 Ne4+ 17. Ke1 Be7 18. f3 Nf6 19. Nf2 a5 20. Nd3 Rfb8 21. Be5 Rb7 22. Nc5 Bxc5 23. Rxc5 a4 24. Bd1 axb3 25. Bxb3 Ra6 26. Kf2 Be6 27. Bd4 Nd7 28. Rc3 Nf8 29. Rhc1 Bd7 {Santos Latasa,J (2628)-Saraci,N (2431) Skopje MKD 2024 ½-½ (58)}) ({RR} 15. Nd1 Qxd2+ 16. Kxd2 Ne4+ 17. Ke1 Be7 18. f3 Nf6 19. Nf2 a5 20. Nd3 Rfb8 21. Be5 Rb7 22. Nc5 Bxc5 23. Rxc5 a4 24. Bd1 axb3 25. Bxb3 Ra6 26. Kf2 Be6 27. Bd4 Nd7 28. Rc3 Nf8 29. Rhc1 Bd7 {Santos Latasa,J (2628)-Saraci,N (2431) Skopje MKD 2024 ½-½ (58)}) 15... Rfd8 16. O-O Qb6 17. Rfc1 Bf5 18. Na4 Nxa4 19. Bxf6 Bxc2 20. Bxd8 Qxd8 21. Rxc2 Nb6 22. Rxc6 Rc8 23. Rxc8 Qxc8 24. a4 Qc5 25. a5 Nc8 26. b4 Qd6 27. b5 g6 28. g3 Qc5 29. Qd4 Qa3 30. Qe5 Qc5 31. Kg2 h5 32. h4 Nd6 33. Qe7 d4 34. exd4 Qxd4 35. Bf3 Kg7 36. b6 axb6 37. a6 Nf5 38. Qa3 1-0

[Event "Titled Tue 8th Apr Late"]
[Site "chess.com INT"]
[Date "2025.04.08"]
[Round "6"]
[White "Moussard, J."]
[Black "Martinez Alcantara, Jose Eduardo"]
[Result "1-0"]
[WhiteElo "2587"]
[BlackElo "2606"]
[PlyCount "109"]
[EventDate "2025.04.08"]

1. Nf3 c5 2. g3 Nc6 3. Bg2 g6 4. O-O Bg7 5. d3 d6 6. c4 e6 7. Nc3 Nge7 8. Qd2 O-O 9. b3 b6 10. Bb2 Bb7 11. e3 Qd7 $146 ({RR} 11... d5 12. cxd5 exd5 13. d4 cxd4 14. Nxd4 Nxd4 15. exd4 Nf5 16. Rfd1 Re8 17. Qf4 h5 18. Bh3 Nd6 19. Bg2 Ne4 20. Nxe4 dxe4 21. Rac1 Rc8 22. Rxc8 Qxc8 23. Rc1 Qe6 24. Rc7 Re7 25. Bh3 f5 26. Bf1 {Stojanovski,S (2179)-Fiorito,F (2305) chess.com INT 2023 1-0 (51)}) ({RR} 11... d5 12. cxd5 exd5 13. d4 cxd4 14. Nxd4 Nxd4 15. exd4 Nf5 16. Rfd1 Re8 17. Qf4 h5 18. Bh3 Nd6 19. Bg2 Ne4 20. Nxe4 dxe4 21. Rac1 Rc8 22. Rxc8 Qxc8 23. Rc1 Qe6 24. Rc7 Re7 25. Bh3 f5 26. Bf1 {Stojanovski,S (2179)-Fiorito,F (2305) chess.com INT 2023 1-0 (51)}) 12. d4 cxd4 13. exd4 d5 14. cxd5 exd5 15. Rfe1 Rad8 16. Rad1 Nf5 17. Ne2 Rfe8 18. Nf4 Qd6 19. g4 Re4 20. Ne5 Rxe1+ 21. Rxe1 Nfe7 22. Nfd3 Bc8 23. h3 Be6 24. Nxc6 Nxc6 25. Ne5 f5 26. Ba3 Qc7 27. Rc1 Bxe5 28. dxe5 fxg4 29. Bd6 Qd7 30. hxg4 Kg7 31. Qg5 Rc8 32. Qf6+ Kg8 33. Rxc6 Qxc6 34. Qxe6+ Kg7 35. Bxd5 Qc1+ 36. Kg2 Qf4 37. Qxc8 h5 38. Qf8+ Qxf8 39. Bxf8+ Kxf8 40. gxh5 gxh5 41. f4 a5 42. a4 b5 43. axb5 Ke7 44. Kg3 a4 45. bxa4 h4+ 46. Kxh4 Kd8 47. f5 Kc8 48. f6 Kb8 49. Kg5 Ka7 50. a5 Kb8 51. f7 Ka7 52. f8=B Kb8 53. Bc5 Kc8 54. Kf6 Kb8 55. Ke7 1-0

[Event "Titled Tue 8th Apr Late"]
[Site "chess.com INT"]
[Date "2025.04.08"]
[Round "9"]
[White "Svane, R."]
[Black "Nihal, Sarin"]
[Result "1-0"]
[WhiteElo "2625"]
[BlackElo "2687"]
[PlyCount "77"]
[EventDate "2025.04.08"]

1. Nf3 f5 2. d3 Nc6 3. e4 e5 4. d4 fxe4 5. Nxe5 Nf6 6. Bc4 d5 7. Bb5 Bd7 8. c4 Bb4+ 9. Nc3 O-O 10. O-O a6 ({RR} 10... Bxc3 11. bxc3 Qe7 12. Bxc6 bxc6 13. Bg5 Qe6 14. h3 dxc4 15. Qe2 Nd5 16. Qxc4 Rf5 17. Bh4 Raf8 18. Rae1 e3 19. fxe3 Rxf1+ 20. Rxf1 Rxf1+ 21. Qxf1 Nxe3 22. Qb1 Nf5 23. Qb8+ Be8 24. Bf2 h6 25. Qxa7 {Svane,R (2633)-Silva,L (2248) chess.com INT 2024 1-0 (43)}) 11. Bxc6 Bxc6 12. Bg5 dxc4 $146 ({RR} 12... Bxc3 13. bxc3 dxc4 14. Nxc6 bxc6 15. Qe2 Qd5 16. Bf4 Rf7 17. Rab1 a5 18. Rfe1 Re8 19. Rb7 Qf5 20. Bg3 Nd5 21. Qxc4 Re6 22. Rb8+ Rf8 23. Rxf8+ Qxf8 24. Qb3 h5 25. Be5 Qf5 26. Qb8+ Kh7 27. c4 {Willow,J (2393)-Eames,R (2112) Torquay 2022 0-1 (43)}) ({RR} 12... Bxc3 13. bxc3 dxc4 14. Nxc6 bxc6 15. Qe2 Qd5 16. Bf4 Rf7 17. Rab1 a5 18. Rfe1 Re8 19. Rb7 Qf5 20. Bg3 Nd5 21. Qxc4 Re6 22. Rb8+ Rf8 23. Rxf8+ Qxf8 24. Qb3 h5 25. Be5 Qf5 26. Qb8+ Kh7 27. c4 {Willow,J (2393)-Eames,R (2112) Torquay 2022 0-1 (43)}) 13. Nxc6 bxc6 14. Nxe4 Be7 15. Bxf6 Bxf6 16. Nxf6+ Qxf6 17. Rc1 Rab8 18. Qd2 Rb5 19. Rxc4 Rg5 20. f3 h6 21. b3 Qd6 22. Qc3 Rf6 23. Rc5 Rgg6 24. Re5 Qd7 25. Kh1 Rd6 26. Re4 Rd5 27. Rfe1 Rdg5 28. Qc4+ Kh7 29. Re8 Rd5 30. R8e4 Rdg5 31. R4e2 Rd5 32. Qxa6 c5 33. Re6 Rxe6 34. Qxe6 Qxe6 35. Rxe6 cxd4 36. Re2 Rc5 37. Kg1 Kg6 38. Kf2 Rc1 39. f4 1-0

[Event "Titled Tue 8th Apr Late"]
[Site "chess.com INT"]
[Date "2025.04.08"]
[Round "10"]
[White "Svane, R."]
[Black "Svane, Frederik"]
[Result "1-0"]
[WhiteElo "2625"]
[BlackElo "2668"]
[PlyCount "154"]
[EventDate "2025.04.08"]

1. Nf3 d5 2. g3 Bg4 3. Bg2 Nd7 4. d4 e6 5. O-O c6 6. h3 Bxf3 7. Bxf3 Ngf6 8. Nd2 Be7 9. e4 dxe4 10. Nxe4 Nxe4 11. Bxe4 Bg5 $146 ({RR} 11... Nf6 12. Bg2 O-O 13. c3 Qc7 14. Re1 Rfd8 15. Qb3 a5 16. a4 Nd5 17. Qc2 Bf6 18. h4 h5 19. Qe2 g6 20. Bd2 Bg7 21. Bg5 Rd7 22. Rad1 Re8 23. Qc2 b6 24. Re2 Rf8 25. Rde1 c5 26. dxc5 {Kosteniuk,A (2537)-Nechaeva,M (2408) St Petersburg 2018 1-0}) 12. Qg4 Bxc1 13. Raxc1 Nf6 14. Qf4 O-O 15. c3 Qa5 16. Bb1 Rad8 17. Rfe1 c5 18. dxc5 Qxc5 19. Rcd1 h6 20. Qf3 Qb6 21. b3 Qc7 22. c4 b6 23. h4 h5 24. Bd3 Qc5 25. Bf1 Qa3 26. Qe2 g6 27. Bg2 Kg7 28. Bf3 Kg8 29. Kg2 Kg7 30. Qc2 Kg8 31. Qc3 Kg7 32. Rd2 Rxd2 33. Qxd2 Rc8 34. Rd1 Rc5 35. Qc2 Rc7 36. Qc3 Rc5 37. Rd2 Rc7 38. Rd4 Rc5 39. Rd2 Rc7 40. Kg1 Rc5 41. Kh2 Rc7 42. Kg2 Rc5 43. Qe3 Qb4 44. Rd8 Ra5 45. Qd2 Qxd2 46. Rxd2 Rc5 47. Be2 Re5 48. Bf3 Rc5 49. Kf1 Rc7 50. Ke2 Nd7 51. Ke3 Kf6 52. Be2 Ke7 53. f4 a5 54. a3 Nc5 55. b4 axb4 56. axb4 Nd7 57. Ra2 Kd6 58. Kd4 Ke7 59. Ra6 Kd8 60. Bf3 Ke7 61. b5 Rc5 62. Bc6 Kd6 63. Bxd7 Kxd7 64. Rxb6 Rc8 65. c5 Ra8 66. Ra6 Rb8 67. Ra7+ Ke8 68. b6 Rd8+ 69. Kc4 Rd1 70. Ra8+ Kd7 71. b7 Rc1+ 72. Kd4 Rd1+ 73. Ke3 Rd6 74. cxd6 Kc6 75. b8=Q e5 76. Qc7+ Kb5 77. Rb8+ Ka6 1-0

[Event "2nd Namma Bengaluru Open"]
[Site "Bengaluru IND"]
[Date "2025.04.17"]
[Round "9.1"]
[White "Pantsulaia, L."]
[Black "Iniyan, Pa"]
[Result "1-0"]
[WhiteElo "2532"]
[BlackElo "2578"]
[PlyCount "111"]
[EventDate "2025.04.10"]

1. Nf3 Nf6 2. g3 g6 3. b3 Bg7 4. Bb2 c5 5. Bg2 d5 6. c4 d4 7. b4 O-O 8. bxc5 Nc6 9. d3 Nd7 10. Nbd2 Nxc5 11. O-O Re8 ({RR} 11... e5 12. Ba3 Qa5 13. Qc1 Rd8 14. Nb3 Nxb3 15. axb3 Qc7 16. b4 e4 17. dxe4 Bg4 18. c5 d3 19. Ra2 dxe2 20. Rxe2 Bxf3 21. Bxf3 Nd4 22. Re3 Bh6 23. Qc3 Bxe3 24. fxe3 Nb5 25. Qb3 Nxa3 26. Qxa3 {Gumularz,S (2591)-Kosakowski,J (2486) chess.com INT 2024 0-1 (48)}) 12. Nb3 Na6 $146 ({RR} 12... Na4 13. Ba3 Nc3 14. Qc2 e5 15. Rfe1 a5 16. e3 Nb4 17. Bxb4 axb4 18. exd4 exd4 19. Rxe8+ Qxe8 20. Nfxd4 Ra3 21. Kf1 Bd7 22. Re1 Qd8 23. Ne2 Rxa2 24. Qc1 Ba4 25. Nd2 Nxe2 26. Rxe2 Ra1 27. Nb1 {Lorente Serrano,R (1872)-Moreno Alcaraz,J (2067) Salobrena 2020 0-1 (52)}) ({RR} 12... Na4 13. Ba3 Nc3 14. Qc2 e5 15. Rfe1 a5 16. e3 Nb4 17. Bxb4 axb4 18. exd4 exd4 19. Rxe8+ Qxe8 20. Nfxd4 Ra3 21. Kf1 Bd7 22. Re1 Qd8 23. Ne2 Rxa2 24. Qc1 Ba4 25. Nd2 Nxe2 26. Rxe2 Ra1 27. Nb1 {Lorente Serrano,R (1872)-Moreno Alcaraz,J (2067) Salobrena 2020 0-1 (52)}) 13. Rb1 e5 14. Ba3 f5 15. Ne1 Qc7 16. Nc2 Be6 17. e3 dxe3 18. Nxe3 Qd7 19. Nd5 Rac8 20. Nd2 Nd8 21. Re1 b6 22. Nf1 Bxd5 23. Bxd5+ Kh8 24. Ne3 Ne6 25. Bg2 Rcd8 26. Nd5 Nec7 27. Nxc7 Nxc7 28. Bb2 Na6 29. Ba1 Nc5 30. Bd5 e4 31. Bxg7+ Qxg7 32. dxe4 fxe4 33. Re3 Re5 34. Qd2 Rf5 35. Qe2 Rdf8 36. Rf1 Rf3 37. Rxf3 exf3 38. Bxf3 Qf6 39. Bd5 h5 40. h4 Kg7 41. Re1 Nd3 42. Qe7+ Kh6 43. Qe3+ Kg7 44. Re2 Nb4 45. Qe7+ Qxe7 46. Rxe7+ Kf6 47. Rxa7 Nxd5 48. cxd5 Rd8 49. Rc7 Rxd5 50. Rc6+ Kf5 51. Rxb6 Ra5 52. Rb2 Ke4 53. Rb4+ Kf3 54. a4 Ra6 55. Kf1 Rf6 56. a5 1-0

[Event "Titled Tue 15th Apr Early"]
[Site "chess.com INT"]
[Date "2025.04.15"]
[Round "6"]
[White "Nihal, Sarin"]
[Black "Donchenko, Alexa"]
[Result "1-0"]
[WhiteElo "2687"]
[BlackElo "2617"]
[PlyCount "73"]
[EventDate "2025.04.15"]

1. Nf3 d5 2. e3 c5 3. b3 Nc6 4. Bb5 f6 5. Ba3 ({RR} 5. Nc3 e5 6. Bxc6+ bxc6 7. Ba3 Ba6 8. Na4 Qa5 9. c4 dxc4 10. Qc2 Bb5 11. Qc3 Qa6 12. Bxc5 Bxa4 13. Bxf8 Kxf8 14. bxa4 Ne7 15. Rc1 Qxa4 16. Qxc4 Qxc4 17. Rxc4 Kf7 18. Ke2 Rhb8 19. Rhc1 Rb2 {Carlsen,M (2832)-Nakamura,H (2802) chess.com INT 2024 1-0 (44)}) 5... e5 ({RR} 5... Qb6 6. c4 e6 7. Nc3 a6 8. Na4 Qa5 9. Bxc6+ bxc6 10. cxd5 cxd5 11. Rc1 Bd7 12. Bxc5 Bxa4 13. Bxf8 Kxf8 14. bxa4 Ne7 15. Nd4 e5 16. Rc5 Qb6 17. Nb3 Kf7 18. O-O h5 19. d4 e4 20. Qd2 {Nihal,S (2687)-Sevian,S (2694) chess.com INT 2025 1-0 (34)}) 6. Nc3 Be6 $146 ({RR} 6... Qa5 7. Bxc6+ bxc6 8. Na4 Ba6 9. c4 dxc4 10. Qc2 cxb3 11. axb3 Qb5 12. Qc4 Qxc4 13. bxc4 e4 14. Nxc5 Bxc5 15. Bxc5 Bxc4 16. Nd4 Nh6 17. f3 Nf7 18. Kf2 Ne5 19. Kg3 h5 20. h4 Bd3 21. Rxa7 {Georgiev,K (2537)-Jobava,B (2578) Skopje MKD 2024 ½-½ (83)}) ({RR} 6... Qa5 7. Bxc6+ bxc6 8. Na4 Ba6 9. c4 dxc4 10. Qc2 cxb3 11. axb3 Qb5 12. Qc4 Qxc4 13. bxc4 e4 14. Nxc5 Bxc5 15. Bxc5 Bxc4 16. Nd4 Nh6 17. f3 Nf7 18. Kf2 Ne5 19. Kg3 h5 20. h4 Bd3 21. Rxa7 {Georgiev,K (2537)-Jobava,B (2578) Skopje MKD 2024 ½-½ (83)}) 7. Bxc6+ bxc6 8. Na4 Bg4 9. h3 Bh5 10. Bxc5 Ne7 11. d3 Qd7 12. Nxe5 Qf5 13. Nf3 Bxf3 14. Qxf3 Qxf3 15. gxf3 Ng6 16. h4 Kf7 17. h5 Ne5 18. f4 Nd7 19. Bxf8 Rhxf8 20. Ke2 c5 21. Kf3 Rfe8 22. Rhe1 Rac8 23. c4 d4 24. exd4 cxd4 25. Re4 Rxe4 26. dxe4 f5 27. exf5 Nf6 28. Rd1 Rd8 29. Nc5 Rd6 30. Ne4 Ra6 31. a4 Rb6 32. Rd3 Nxh5 33. c5 Rb4 34. c6 Ke7 35. Nc5 Rb8 36. Rxd4 Nf6 37. b4 1-0

[Event "Titled Tue 15th Apr Early"]
[Site "chess.com INT"]
[Date "2025.04.15"]
[Round "8"]
[White "Nihal, Sarin"]
[Black "Sevian, Samuel"]
[Result "1-0"]
[WhiteElo "2687"]
[BlackElo "2694"]
[PlyCount "67"]
[EventDate "2025.04.15"]

1. Nf3 d5 2. e3 c5 3. b3 Nc6 4. Bb5 f6 5. Ba3 ({RR} 5. Nc3 e5 6. Bxc6+ bxc6 7. Ba3 Ba6 8. Na4 Qa5 9. c4 dxc4 10. Qc2 Bb5 11. Qc3 Qa6 12. Bxc5 Bxa4 13. Bxf8 Kxf8 14. bxa4 Ne7 15. Rc1 Qxa4 16. Qxc4 Qxc4 17. Rxc4 Kf7 18. Ke2 Rhb8 19. Rhc1 Rb2 {Carlsen,M (2832)-Nakamura,H (2802) chess.com INT 2024 1-0 (44)}) 5... Qb6 $146 ({RR} 5... e5 6. Nc3 Be6 7. Bxc6+ bxc6 8. Na4 Bg4 9. h3 Bh5 10. Bxc5 Ne7 11. d3 Qd7 12. Nxe5 Qf5 13. Nf3 Bxf3 14. Qxf3 Qxf3 15. gxf3 Ng6 16. h4 Kf7 17. h5 Ne5 18. f4 Nd7 19. Bxf8 Rhxf8 20. Ke2 {Nihal,S (2687)-Donchenko,A (2617) chess.com INT 2025 1-0 (37)}) 6. c4 e6 7. Nc3 a6 8. Na4 Qa5 9. Bxc6+ bxc6 10. cxd5 cxd5 11. Rc1 Bd7 12. Bxc5 Bxa4 13. Bxf8 Kxf8 14. bxa4 Ne7 15. Nd4 e5 16. Rc5 Qb6 17. Nb3 Kf7 18. O-O h5 19. d4 e4 20. Qd2 h4 21. h3 Qe6 22. Rfc1 Rhc8 23. Qa5 Kg6 24. Rxc8 Rxc8 25. Rxc8 Qxc8 26. Nc5 Qb8 27. Qxa6 Qb1+ 28. Qf1 Qxa2 29. Qb5 Nf5 30. Qe8+ Kh6 31. Ne6 Ng3 32. Qh8+ Kg6 33. Qxg7+ Kf5 34. Qg4# 1-0

[Event "Titled Tue 15th Apr Early"]
[Site "chess.com INT"]
[Date "2025.04.15"]
[Round "11"]
[White "Nihal, Sarin"]
[Black "Xiong, Jeffery"]
[Result "1-0"]
[WhiteElo "2687"]
[BlackElo "2636"]
[PlyCount "63"]
[EventDate "2025.04.15"]

1. Nf3 d5 2. e3 Nf6 3. b3 Bf5 4. Be2 h6 5. Ba3 Nbd7 6. c4 c6 ({RR} 6... e6 7. Bxf8 Nxf8 8. O-O N8d7 9. Nc3 O-O 10. d4 a5 11. a3 Qe7 12. Qc1 c6 13. Qb2 Bg4 14. h3 Bxf3 15. Bxf3 Rfd8 16. Rfd1 Nb6 17. Be2 Nc8 18. c5 b5 19. b4 a4 20. f4 Ne4 21. Nxe4 {So,W (2778)-Giri,A (2777) chess24.com INT 2021 0-1}) ({RR} 6... e6 7. Bxf8 Nxf8 8. Nc3 N8d7 9. cxd5 exd5 10. b4 c6 11. O-O O-O 12. Qb3 Bg4 13. Nd4 Bxe2 14. Ncxe2 Ne4 15. Qc2 Rc8 16. d3 Nd6 17. Rfc1 Re8 18. Qd2 Nf8 19. Rc2 Ne6 20. Rac1 Nxd4 21. Nxd4 {Nihal,S (2687)-Tin,J (2597) Tashkent UZB 2025 1-0 (48)}) 7. cxd5 $146 ({RR} 7. O-O e5 8. Bxf8 Kxf8 9. Nc3 Qe7 10. d4 e4 11. Nd2 h5 12. Re1 g6 13. a4 Kg7 14. Qc1 a6 15. Qa3 Qe6 16. Bf1 h4 17. h3 g5 18. f3 Rae8 19. cxd5 cxd5 20. fxe4 Bxe4 21. Ndxe4 Nxe4 {Niemann,H (2699)-Vidit,S (2724) Jerusalem ISR 2022 0-1 (37)}) ({RR} 7. O-O e5 8. Bxf8 Kxf8 9. Nc3 Qe7 10. d4 e4 11. Nd2 h5 12. Re1 g6 13. a4 Kg7 14. Qc1 a6 15. Qa3 Qe6 16. Bf1 h4 17. h3 g5 18. f3 Rae8 19. cxd5 cxd5 20. fxe4 Bxe4 21. Ndxe4 Nxe4 {Niemann,H (2699)-Vidit,S (2724) Jerusalem ISR 2022 0-1 (37)}) 7... cxd5 8. Nd4 Bxb1 9. Qxb1 a6 10. O-O e6 11. Nxe6 Qa5 12. Bxf8 fxe6 13. Bxg7 Rg8 14. Bxh6 Qxd2 15. Bf3 Ne5 16. Qd1 Ke7 17. Be2 Qb4 18. Qd4 Qxd4 19. exd4 Nc6 20. Be3 Ng4 21. Bxg4 Rxg4 22. f3 Rgg8 23. h4 Nb4 24. Rac1 Rac8 25. Rxc8 Rxc8 26. Rc1 Rxc1+ 27. Bxc1 Nxa2 28. Bd2 e5 29. dxe5 d4 30. h5 Nc3 31. h6 Kf7 32. e6+ 1-0

[Event "Titled Tue 15th Apr Late"]
[Site "chess.com INT"]
[Date "2025.04.15"]
[Round "3"]
[White "Sanal, V."]
[Black "Kacharava, Nikolozi"]
[Result "1-0"]
[WhiteElo "2550"]
[BlackElo "2521"]
[PlyCount "127"]
[EventDate "2025.04.15"]

1. Nf3 d5 2. c4 d4 3. g3 Nc6 4. Bg2 e5 5. d3 Bb4+ 6. Nbd2 a5 7. O-O Nf6 8. a3 Bd6 ({RR} 8... Be7 9. Qa4 Bd7 10. Qc2 O-O 11. e4 dxe3 12. fxe3 Ng4 13. Re1 Bc5 14. Ne4 Ba7 15. c5 b6 16. d4 Bf5 17. h3 Nf6 18. Nxf6+ Qxf6 19. Qf2 bxc5 20. Nh4 Bd7 21. Qxf6 gxf6 22. d5 Ne7 23. d6 {Chen,M (2556)-Rogov,M (2685) Chess.com 2024 1-0 (64)}) 9. Rb1 ({RR} 9. b3 O-O 10. Bb2 Re8 11. Rc1 Qe7 12. Ra1 h6 13. Qc2 Bf5 14. Rfc1 Bc5 15. Ne4 Nxe4 16. dxe4 Bh7 17. Ne1 Rf8 18. Nd3 f5 19. Nxc5 Qxc5 20. Qd3 Ne7 21. Rf1 Rad8 22. Bc1 Nc8 23. Bd2 Nd6 {Evdokimov,A (2227)-Kacharava,N (2527) chess.com INT 2024 1-0 (44)}) 9... O-O 10. Ne1 a4 $146 ({RR} 10... Qe7 11. Nc2 Bf5 12. Nf3 h6 13. b4 axb4 14. axb4 Bxb4 15. Nh4 Bd7 16. Bxc6 bxc6 17. Rxb4 c5 18. Rb2 e4 19. Qd2 Rfe8 20. e3 g5 21. Ng2 Qe6 22. f3 exf3 23. Rxf3 Ng4 24. e4 Ne5 25. Rf1 {Kaim,P (2137)-Fishchuk,V (2194) Krakow POL 2023 1-0 (34)}) ({RR} 10... Qe7 11. Nc2 Bf5 12. Nf3 h6 13. b4 axb4 14. axb4 Bxb4 15. Nh4 Bd7 16. Bxc6 bxc6 17. Rxb4 c5 18. Rb2 e4 19. Qd2 Rfe8 20. e3 g5 21. Ng2 Qe6 22. f3 exf3 23. Rxf3 Ng4 24. e4 Ne5 25. Rf1 {Kaim,P (2137)-Fishchuk,V (2194) Krakow POL 2023 1-0 (34)}) 11. Nc2 Bf5 12. b4 axb3 13. Nxb3 Qd7 14. Bg5 Qe6 15. Bxf6 Qxf6 16. c5 Be7 17. Qc1 Qe6 18. Nb4 Nxb4 19. axb4 Bh3 20. Bxh3 Qxh3 21. Qc4 Ra6 22. Qd5 Rh6 23. Qg2 Qxg2+ 24. Kxg2 Ra8 25. Na5 b6 26. Nc4 bxc5 27. bxc5 Bxc5 28. Nxe5 Re6 29. Nd7 Bd6 30. Rb2 Rae8 31. Ra1 f6 32. Raa2 c6 33. Nb6 h5 34. Nc4 Bc7 35. Ra7 R8e7 36. Rbb7 Bd8 37. Kf1 Rxe2 38. Rxe7 Rxe7 39. Ra8 Rd7 40. Nb6 Rd6 41. Nc4 Rd7 42. Rc8 Kf7 43. Rxc6 Be7 44. h4 Rb7 45. Ke2 Ra7 46. Rb6 Ra2+ 47. Kf3 Ra7 48. Rb5 g6 49. Rd5 Ke6 50. Rxd4 f5 51. Ne3 Ra2 52. Rc4 Bd6 53. d4 Kd7 54. Nd5 Rb2 55. Nf4 Bb4 56. Nxg6 Be1 57. Ne5+ Ke6 58. Nd3 Rb3 59. Ke2 Ba5 60. Rc6+ Kd5 61. Rc5+ Ke4 62. Rxa5 Rxd3 63. Re5+ Kxd4 64. Rxf5 1-0